| 000 | 01165nam a22002777a 4500 | ||
|---|---|---|---|
| 001 | 5385 | ||
| 003 | FISKH | ||
| 005 | 20241129152103.0 | ||
| 008 | 241129b cb ||||| |||| 00| 0 eng d | ||
| 020 | _a9780531213612 | ||
| 040 |
_aFISKH _beng _cFISKH _dFISKH |
||
| 050 | _aDS247.T8 | ||
| 082 | _a953.57 | ||
| 100 | _aBryan, Antonia D. | ||
| 245 |
_aUnited Arab Emirates / _cby Antonia D. Bryan |
||
| 260 |
_aNew York : _bChildren's Press ; _c2009 . |
||
| 300 |
_a48 pages : _bcolor illustrations ; _c22 cm . |
||
| 490 | _aA Ture Book | ||
| 505 | _aS | ||
| 520 | _a- Clean new design for easy readability and comprehension- Updated text presented in a lively, continuous narrative- New center-spread sidebar feature presenting material in a fun, creative way- Excellent age-appropriate introduction to curriculum-relevant subjects- Important Words glossary clarifies subject-specific vocabulary- Resources section encourages independent study- Index makes navigating subject matter easy | ||
| 521 | 8 |
_a790
_bLexile |
|
| 521 | 8 |
_aS
_bRaz-Plus |
|
| 650 |
_aUnited Arab Emirates _vJuvenile literature |
||
| 942 |
_2ddc _cBK _n0 |
||
| 999 |
_c5385 _d5385 |
||